Statistics for Austrian Bundesliga teams 2018/19

Click here to take the quiz!

General Stats

  • This quiz has been taken 47 times
  • The average score is 6 of 12

Answer Stats

Answer% Correct
Sturm Graz
86%
Austria Vienna
75%
Rapid Vienna
75%
RB Salzburg
73%
Admira
57%
Altach
57%
Hartberg
57%
LASK Linz
55%
St. Polten
39%
Mattersburg
36%
Innsbruck
30%
AC Wolfsberger
9%

Score Distribution

Percentile by Number Answered

Percent of People with Each Score

Your Score History

You have not taken this quiz